000 01923nam0a2200361 i 4500
001 RU\NLR\BIBL_A\010300348
005 20241105183903.0
010 _a9785749317428
_9300
021 _aRU
_b2014-6851
_9431
035 _a(NILC)RuMoRGB-006741571
035 _a(NLR Aleph) 010300348
090 _a10590436
_c10590436
100 _a20140331d2013 u y0rusy50 ca
101 0 _arus
102 _aRU
105 _aacbhz|||010yy
200 1 _aПешеланский гипсовый - завод будущего
_f[Комиссарова Елена Александровна, к.филол.н., доц., Панкратов Вячеслав Михайлович, Пяткин Сергей Николаевич, д.филол.н., проф. РАЕ
_gПешел. гипсовый з-д]
205 _a[Юбил. изд.]
210 _aНижний Новгород
_c[б. и.]
_d2013
215 _a207 с.
_cил., портр., карт., факс.
_d29
300 _aАвт. указаны на обороте тит. л.
300 _aНа обороте тит. л.: К 80-летнему юбилею Пешел. гипсового з-да и юбилею В.С. Лаврова
601 0 2 _a"Декор-1", Пешеланский гипсовый завод
_cНижегородская область
_92243847
_3RU\NLR\AUTH\6601577452
686 1 _aУ30(2)621.092
700 1 _aКомиссарова
_bЕ. А.
_gЕлена Александровна
701 1 _aПанкратов
_bВ. М.
_f1948-
_gВячеслав Михайлович
701 1 _aПяткин
_bС. Н.
_f1967-
_gСергей Николаевич
712 0 2 _4570
_a"Декор-1", Пешеланский гипсовый завод
_cНижегородская обл.
_9396466
_3RU\NLR\AUTH\880364799
801 0 _aRU
_bРГБ
_c20140218
_gRCR
942 _cBOOK
980 _aNBR